MARC details
| 000 -LEADER |
| campo de control de longitud fija |
01402nac a2200265 a 4500 |
| 003 - IDENTIFICADOR DE NÚMERO DE CONTROL |
| campo de control |
CO-PeBPM |
| 005 - FECHA Y HORA DE LA ÚLTIMA TRANSACCIÓN |
| campo de control |
20250902210140.0 |
| 007 - CAMPO FIJO DE DESCRIPCIÓN FÍSICA--INFORMACIÓN GENERAL |
| campo de control de longitud fija |
ta |
| 008 - DATOS DE LONGITUD FIJA--INFORMACIÓN GENERAL |
| campo de control de longitud fija |
250902s1998 ck a|||| |||| 00| 0 spa d |
| 020 ## - NÚMERO INTERNACIONAL ESTÁNDAR DEL LIBRO |
| Número Internacional Estándar del Libro |
9586071774 |
| 040 ## - FUENTE DE CATALOGACIÓN |
| Centro catalogador/agencia de origen |
CO-PeBPM |
| Lengua de catalogación |
spa |
| Centro/agencia transcriptor |
CO-PeBPM |
| Normas de descripción |
rda |
| 041 ## - CÓDIGO DE IDIOMA |
| Código de lengua del texto/banda sonora o título independiente |
spa |
| 082 04 - NÚMERO DE LA CLASIFICACIÓN DECIMAL DEWEY |
| Número de clasificación |
248.4 S349e |
| Número de edición |
22 |
| 100 1# - ENTRADA PRINCIPAL--NOMBRE DE PERSONA |
| Nombre de persona |
Schmitt, Carlos Alfonso |
| Término indicativo de función/relación |
autor |
| 245 10 - MENCIÓN DEL TÍTULO |
| Título |
En busca de libertad |
| Mención de responsabilidad, etc. |
/ Carlos Alfonso Schmitt; traducción María A. Villegas |
| 250 ## - MENCION DE EDICION |
| Mención de edición |
Cuarta edición |
| 260 ## - PUBLICACIÓN, DISTRIBUCIÓN, ETC. |
| Lugar de publicación, distribución, etc. |
Bogotá, Colombia |
| Nombre del editor, distribuidor, etc. |
: San Pablo |
| Fecha de publicación, distribución, etc. |
, c1998 |
| 300 ## - DESCRIPCIÓN FÍSICA |
| Extensión |
86 páginas |
| Otras características físicas |
ilustraciones en blanco y negro |
| Dimensiones |
21 centímetros |
| 490 ## - MENCIÓN DE SERIE |
| Mención de serie |
Colección Encuentro |
| 500 ## - NOTA GENERAL |
| Nota general |
Incluye índice al final del texto |
| 520 ## - RESUMEN, ETC. |
| Sumario, etc. |
Libertad es una palabra que está siempre de moda. Naciones y continentes enteros luchan para liberarse del subdesarrollo. Minorías marginadas tratan de liberarse de intereses o prejuicios. Drogadictos, viciosos y neuróticos quieren liberarse de sus cadenas. Muchos corazones inquietos buscan la perfección, la libertad y quieren encontrar la felicidad y el bienestar. Cristo nos hizo libres con la entrega de su vida por amor y toca a cada uno de nosotros actualizarla en nuestra vida, en nuestra sociedad, luchando contra el odio, el egoísmo, poniendo amor y esperanza en los corazones |
| 650 14 - PUNTO DE ACCESO ADICIONAL DE MATERIA--TÉRMINO DE MATERIA |
| Término de materia o nombre geográfico como elemento de entrada |
Ascetismo |
| Fuente del encabezamiento o término |
LEMB |
| 765 ## - ENLACE A LA LENGUA/LENGUAJE ORIGINAL |
| Encabezamiento principal |
Em busca da libertaçâo. |
| 942 ## - ELEMENTOS DE ENTRADA SECUNDARIOS (KOHA) |
| Fuente del sistema de clasificación o colocación |
Clasificación Decimal Dewey |
| Tipo de ítem Koha |
Libros |
| Suprimir en OPAC |
No |